Programa económico y social de México: una controversia

Збережено в:
Бібліографічні деталі
Автори: Cumberland, W, W (Автор), McGowan, R. A (Автор), Thorning, Joseph (Автор), Beteta, Ramón (Автор)
Формат: Книга
Мова:Іспанська
Англійська
Опубліковано: Charlottesville Universidad de Virginia 1935
Предмети:
Теги: Додати тег
Немає тегів, Будьте першим, хто поставить тег для цього запису!

MARC

LEADER 00000nam a2200000 a 4500
001 UCI6072
003 CL-VaPUC
008 080418e19350000us |||||||||||||||||spa|d
041 0 7 |a spa  |2 CL-VaPUC 
041 0 7 |a eng  |2 CL-VaPUC 
082 0 4 |a 338.972  |b CUM  |2 21 
100 0 |a Cumberland, W, W  |e author  |9 528786 
700 0 |a McGowan, R. A  |e author  |9 528787 
700 0 |a Thorning, Joseph  |e author  |9 528788 
700 0 |a Beteta, Ramón  |e author  |9 528789 
245 1 0 |a Programa económico y social de México: una controversia 
300 |a 211 p 
942 |c BK 
945 |d 20080418 00:00:00  |a rbrito 
260 |a Charlottesville  |b Universidad de Virginia  |c 1935 
500 |a Donación Padres Capuchinos 
500 |a Texto bilingüe 
650 0 |a Política económica   |9 255029 
650 0 |a Desarrollo económico  |9 259599 
651 0 |a México  |9 255269 
583 |a last modification  |c 20171220 03:19:29  |k Rodrigo Vera 
999 |c 329675  |d 329673 
952 |0 0  |1 0  |4 0  |6 338_972000000000000_CUM_1935  |7 0  |8 X  |9 414661  |a FDOBUD  |b FDOBUD  |d 2019-11-22  |i 4407571  |o 338.972 CUM 1935  |p 4407571  |r 2019-11-22  |w 2019-11-22  |y BK_X  |k BUD